El encanto de nuestro amor o sea el sacratísimo corazón de Jesús
Guardat en:
| Autor principal: | |
|---|---|
| Format: | Llibre |
| Idioma: | espanyol |
| Publicat: |
Ciudad de México
Herrero, Hermanos, Editores
1897
|
| Edició: | 2a. ed |
| Matèries: | |
| Etiquetes: |
Afegir etiqueta
Sense etiquetes, Sigues el primer a etiquetar aquest registre!
|
MARC
| LEADER | 00000cam a2200000 a 4500 | ||
|---|---|---|---|
| 001 | UCE9858 | ||
| 003 | CL-VaPUC | ||
| 008 | 151106e18970000mx |||||||||||||||||spa|d | ||
| 082 | 0 | 4 | |a 232 |b JES |2 21 |
| 100 | |a Jesús Portugal, José María de |e author |9 584717 | ||
| 245 | 1 | 3 | |a El encanto de nuestro amor o sea el sacratísimo corazón de Jesús |
| 250 | |a 2a. ed | ||
| 300 | |a 416 p | ||
| 942 | |c BK | ||
| 945 | |d 20151106 14:16:00 |a gsalatino | ||
| 260 | |a Ciudad de México |b Herrero, Hermanos, Editores |c 1897 | ||
| 600 | 0 | |a Jesús |9 313614 | |
| 600 | 0 | 7 | |a SAGRADO CORAZON DE JESUS |2 CL-VaPUC |9 474862 |
| 650 | 0 | |a Cristología |9 315091 | |
| 650 | 0 | |a Teología |9 258766 | |
| 583 | |a last modification |c 20151106 14:16:00 |k Rodrigo Vera | ||
| 999 | |c 361501 |d 361499 | ||
| 952 | |0 0 |1 0 |3 erd |4 0 |6 232_000000000000000_JES_1897 |7 0 |8 P |9 472062 |a BIBTEO |b BIBTES |c TEO_FTES |i 5208602 |o 232 JES 1897 |p 5208602 |r 2024-01-18 |w 2019-11-24 |y BK |z Catalogado en:20151106 |k ICR | ||